000 00717nam a2200169 a 4500
008 120416s1986 ||||||||||||||||| || u
020 _a0866565434
050 _aZ 687.C68 Coo
100 _aLuquire, Wilson
245 1 0 _aCoordinating cooperative collection development: a national perspective
_cedited by Wilson Luquire
260 _aNew York:
_bThe Haworth Press
_c1986
300 _a252p. : ill.
350 _a0.00
650 _aCOLLECTION DEVELOPMENT (LIBRARIES)--UNITED STATES--CONGRESSES
650 _aLIBRARY COOPERATION--UNITED STATES--CONGRESSES
995 _D0.00
_FCBU-MAIN LIBRARY (Kitwe)
_H1
_I38.40
_M1
_UAVAILABLE
_ZAnnex Low-Usage Collection
999 _c38764
_d38764